<?xml version="1.0" encoding="UTF-8"?>
<record
    xmlns:xsi="http://www.w3.org/2001/XMLSchema-instance"
    xsi:schemaLocation="http://www.loc.gov/MARC21/slim http://www.loc.gov/standards/marcxml/schema/MARC21slim.xsd"
    xmlns="http://www.loc.gov/MARC21/slim">

  <leader>01052nam0a22002411  4500</leader>
  <controlfield tag="001">rc\2639256</controlfield>
  <controlfield tag="005">20260407105700.0</controlfield>
  <datafield tag="035" ind1=" " ind2=" ">
    <subfield code="a">(NLR Aleph) 006947312</subfield>
  </datafield>
  <datafield tag="090" ind1=" " ind2=" ">
    <subfield code="a">5212130</subfield>
    <subfield code="c">5212130</subfield>
  </datafield>
  <datafield tag="100" ind1=" " ind2=" ">
    <subfield code="a">20110603d1928    |||y0rusy50      ca</subfield>
  </datafield>
  <datafield tag="101" ind1="0" ind2=" ">
    <subfield code="a">rus</subfield>
  </datafield>
  <datafield tag="102" ind1=" " ind2=" ">
    <subfield code="a">RU</subfield>
  </datafield>
  <datafield tag="105" ind1=" " ind2=" ">
    <subfield code="a">y   z   |||||</subfield>
  </datafield>
  <datafield tag="200" ind1="1" ind2=" ">
    <subfield code="a">&#x417;&#x430;&#x43F;&#x438;&#x441;&#x43D;&#x430;&#x44F; &#x43A;&#x43D;&#x438;&#x436;&#x43A;&#x430; &#x432;&#x43E;&#x43B;&#x43E;&#x441;&#x442;&#x43D;&#x43E;&#x433;&#x43E; &#x441;&#x442;&#x430;&#x442;&#x438;&#x441;&#x442;&#x438;&#x43A;&#x430; &#x438; &#x434;&#x43E;&#x431;&#x440;&#x43E;&#x432;&#x43E;&#x43B;&#x44C;&#x43D;&#x43E;&#x433;&#x43E; &#x43A;&#x43E;&#x440;&#x440;&#x435;&#x441;&#x43F;&#x43E;&#x43D;&#x434;&#x435;&#x43D;&#x442;&#x430; &#x43D;&#x430; 1928 &#x433;&#x43E;&#x434;</subfield>
    <subfield code="f">&#x410;&#x440;&#x445;&#x430;&#x43D;&#x433;&#x435;&#x43B;&#x44C;&#x441;&#x43A;. &#x433;&#x443;&#x431;. &#x441;&#x442;&#x430;&#x442;. &#x43E;&#x442;&#x434;.</subfield>
  </datafield>
  <datafield tag="210" ind1=" " ind2=" ">
    <subfield code="a">&#x410;&#x440;&#x445;&#x430;&#x43D;&#x433;&#x435;&#x43B;&#x44C;&#x441;&#x43A;</subfield>
    <subfield code="c">&#x411;. &#x438;.</subfield>
    <subfield code="d">1928</subfield>
    <subfield code="g">&#x442;&#x438;&#x43F;. &#x442;-&#x432;&#x430; "&#x41F;&#x440;&#x438;&#x437;&#x44B;&#x432;" &#x438;&#x43C;. &#x442;. &#x421;&#x43A;&#x43B;&#x435;&#x43F;&#x438;&#x43D;&#x430;</subfield>
  </datafield>
  <datafield tag="215" ind1=" " ind2=" ">
    <subfield code="a">168 &#x441;., &#x438;&#x437; &#x43D;&#x438;&#x445; &#x447;&#x430;&#x441;&#x442;&#x44C; &#x434;&#x43B;&#x44F; &#x437;&#x430;&#x43F;&#x438;&#x441;&#x438;</subfield>
    <subfield code="d">17&#x445;11 &#x441;&#x43C;</subfield>
  </datafield>
  <datafield tag="300" ind1=" " ind2=" ">
    <subfield code="a">&#x412; &#x43A;&#x430;&#x440;&#x442;&#x43E;&#x43D;&#x43D;&#x43E;&#x43C; &#x43F;&#x435;&#x440;&#x435;&#x43F;&#x43B;&#x435;&#x442;&#x435; &#x441; &#x43A;&#x43E;&#x43B;&#x435;&#x43D;&#x43A;&#x43E;&#x440;&#x43E;&#x432;&#x44B;&#x43C; &#x43A;&#x43E;&#x440;&#x435;&#x448;&#x43A;&#x43E;&#x43C;</subfield>
  </datafield>
  <datafield tag="710" ind1="0" ind2="2">
    <subfield code="a">&#x410;&#x440;&#x445;&#x430;&#x43D;&#x433;&#x435;&#x43B;&#x44C;&#x441;&#x43A;&#x438;&#x439; &#x433;&#x443;&#x431;&#x435;&#x440;&#x43D;&#x441;&#x43A;&#x438;&#x439; &#x441;&#x442;&#x430;&#x442;&#x438;&#x441;&#x442;&#x438;&#x447;&#x435;&#x441;&#x43A;&#x438;&#x439; &#x43E;&#x442;&#x434;&#x435;&#x43B;</subfield>
    <subfield code="3">RU\NLR\AUTH\8810061428</subfield>
    <subfield code="9">624325</subfield>
  </datafield>
  <datafield tag="801" ind1=" " ind2="0">
    <subfield code="a">RU</subfield>
    <subfield code="b">NLR</subfield>
    <subfield code="g">psbo</subfield>
  </datafield>
  <datafield tag="801" ind1=" " ind2="1">
    <subfield code="a">RU</subfield>
    <subfield code="b">ELAR</subfield>
    <subfield code="2">rusmarc</subfield>
  </datafield>
  <datafield tag="852" ind1=" " ind2=" ">
    <subfield code="a">NLR</subfield>
    <subfield code="j">58/28</subfield>
  </datafield>
  <datafield tag="942" ind1=" " ind2=" ">
    <subfield code="c">BOOK</subfield>
  </datafield>
  <datafield tag="980" ind1=" " ind2=" ">
    <subfield code="a">NB</subfield>
  </datafield>
  <datafield tag="995" ind1=" " ind2=" ">
    <subfield code="5">2013-10-26</subfield>
    <subfield code="b">NLR02</subfield>
    <subfield code="c">NLR02</subfield>
    <subfield code="e">RFS</subfield>
    <subfield code="f">6947312-10</subfield>
    <subfield code="k">58/28</subfield>
    <subfield code="o">0</subfield>
    <subfield code="r">BOOK</subfield>
    <subfield code="s">5828_</subfield>
  </datafield>
</record>
